Loading…

Tim Burton por Tim Burton /

Bibliographic Details
Call Number:Libro Electrónico
Main Author: Burton, Tim, 1958- (Author)
Other Authors: Salisbury, Mark, 1966- (Editor), Depp, Johnny (contributor agent of text.), Berástegui, Manu (Translator), Lago, Javier (Translator)
Format: Electronic eBook
Language:Español
Inglés
Published: Barcelona : Alba, [2016]
Edition:Primera edición en formato digital.
Series:Alba trayectos ; 84.
Subjects:
Online Access:Texto completo

MARC

LEADER 00000nam a2200000 i 4500
001 DIGALBA0316
003 NyNyDIG
007 cr |||||||||||
008 220902s2016 sp a ob 000 0 spa d
006 m o d
035 |a (OCoLC)1350506884 
040 |a DGITA  |b eng  |e rda  |e pn  |c DGITA 
020 |a 9788490652640  |q eBook 
020 |z 9788484287063 
041 1 |a spa  |h eng 
043 |a n-us--- 
050 1 4 |a PN1998.3.B875 ebook 
100 1 |a Burton, Tim,  |d 1958-  |e author. 
240 1 0 |a Burton on Burton.  |l Spanish  |s (Berástegui and Lago) 
245 1 0 |a Tim Burton por Tim Burton /  |c Mark Salisbury, editor ; prólogo, Johnny Depp ; traducción, Manu Berástegui y Javier Lago. 
250 |a Primera edición en formato digital. 
264 1 |a Barcelona :  |b Alba,  |c [2016] 
300 |a 1 online resource :  |b illustrations. 
336 |a text  |b txt  |2 rdacontent 
337 |a computer  |b c  |2 rdamedia 
338 |a online resource  |b cr  |2 rdacarrier 
347 |a text file  |2 rdaft 
347 |b EPUB 
490 1 |a A trayectos 
504 |a Includes bibliographical references. 
588 0 |a Online resource; title from ePub title page (Digitalia, viewed September 2, 2022) 
600 1 0 |a Burton, Tim,  |d 1958-  |v Interviews. 
650 0 |a Motion picture producers and directors  |z United States  |v Interviews. 
655 0 |a Electronic books. 
700 1 |a Salisbury, Mark,  |d 1966-  |e editor. 
700 1 |a Depp, Johnny,  |e contributor agent of text. 
700 1 |a Berástegui, Manu,  |e translator. 
700 1 |a Lago, Javier,  |e translator. 
700 1 |i Translation of:  |a Burton, Tim,  |d 1958-  |t Burton on Burton. 
791 2 |a Digitalia (Firm),  |e distributor. 
793 0 |g Digitalia eBook Collection:  |a Alba Editorial 
776 0 8 |i Print version:  |a Burton, Tim, 1958-  |s Burton on Burton. Spanish (Berástegui and Lago).  |t Tim Burton por Tim Burton.  |d Barcelona : Alba, 2012  |z 9788484287063 
830 0 |a Alba trayectos ;  |v 84. 
856 4 0 |u https://digitalia.uam.elogim.com/a/48920/  |z Texto completo 
910 |a Premium collection: 2022